La casa y el suelo en relación con las enfermedades infecciosas : (Record no. 155142)
[ view plain ]
| 000 -LEADER | |
|---|---|
| campo de control de longitud fija | 01166nam a2200229 i 4500 |
| 001 - NÚMERO DE CONTROL | |
| campo de control | 155142 |
| 003 - IDENTIFICADOR DE NÚMERO DE CONTROL | |
| campo de control | ES-MaACL |
| 005 - FECHA Y HORA DE LA ÚLTIMA TRANSACCIÓN | |
| campo de control | 20251105063135.0 |
| 008 - DATOS DE LONGITUD FIJA--INFORMACIÓN GENERAL | |
| campo de control de longitud fija | 040726s1885 sp f |||| | spa d |
| 080 ## - NÚMERO DE LA CLASIFICACIÓN DECIMAL UNIVERSAL | |
| Número de la Clasificación Decimal Universal | 614.77 |
| 100 1# - ENTRADA PRINCIPAL--NOMBRE DE PERSONA | |
| Nombre de persona | Hauser, Philip, |
| Fechas asociadas al nombre | 1832-1925 |
| 9 (RLIN) | 173629 |
| 245 13 - MENCIÓN DEL TÍTULO | |
| Título | La casa y el suelo en relación con las enfermedades infecciosas : |
| Resto del título | con grabados representando las distintas especies de micrófitos de la sangre / |
| Mención de responsabilidad, etc. | por el Dr. Ph. Hauser. |
| 260 ## - PUBLICACIÓN, DISTRIBUCIÓN, ETC. | |
| Lugar de publicación, distribución, etc. | Madrid : |
| Nombre del editor, distribuidor, etc. | [s.a.], |
| Fecha de publicación, distribución, etc. | 1885 ( |
| Fabricante | Est. Tip. de El Correo, a cargo de F. Fernández) |
| 300 ## - DESCRIPCIÓN FÍSICA | |
| Extensión | 66 p., [1] h. de lám. ; |
| Dimensiones | 22 cm. |
| 594 ## - Nota al título y mención de responsabilidad | |
| Nota al título y mención de responsabilidad | En port.: "Conferencia dada en el Ateneo de Madrid y publicada después en la Revista de España del 25 de marzo y 10 de abril de 1885" |
| 610 24 - PUNTO DE ACCESO ADICIONAL DE MATERIA--NOMBRE DE ENTIDAD CORPORATIVA | |
| Nombre de entidad corporativa o nombre de jurisdicción como elemento de entrada | Ateneo de Madrid- |
| Subdivisión de forma | Conferencias- |
| Subdivisión cronológica | S.XIX. |
| 9 (RLIN) | 1910 |
| 650 #4 - PUNTO DE ACCESO ADICIONAL DE MATERIA--TÉRMINO DE MATERIA | |
| Término de materia o nombre geográfico como elemento de entrada | Viviendas- |
| Subdivisión general | Salubridad. |
| 9 (RLIN) | 148901 |
| 650 #7 - PUNTO DE ACCESO ADICIONAL DE MATERIA--TÉRMINO DE MATERIA | |
| Término de materia o nombre geográfico como elemento de entrada | Enfermedades infecciosas |
| Fuente del encabezamiento o término | embne |
| 9 (RLIN) | 135986 |
| 852 ## - LOCALIZACIÓN | |
| Ubicación | ES-MaACL |
| Número de control de estantería | T-432-F-4 |
| Nota libre | - Enc. hol. |
| -- | - Enc. en un vol. facticio |
| 852 ## - LOCALIZACIÓN | |
| Ubicación | ES-MaACL |
| Número de control de estantería | T-461-F-11 |
| Nota libre | - Enc. hol. |
| -- | - Enc. en un vol. facticio |
| -- | - Dedicatoria mas. del autor a Segismundo Moret |
| Estatus retirado | Estado de pérdida | Estado de daño | No para préstamo | Colección | Biblioteca de origen | Biblioteca actual | Ubicación en estantería | Fecha de adquisición | Total de préstamos | Signatura topográfica completa | Código de barras | Visto por última vez | Precio de reemplazo | Tipo de ítem Koha |
|---|---|---|---|---|---|---|---|---|---|---|---|---|---|---|
| Colección de folletos | Biblioteca del Ateneo de Madrid | Biblioteca del Ateneo de Madrid | Depósito folletos | 17/01/2008 | T-461-F-11 | 1162287 | 23/02/2023 | 23/02/2023 | Folleto | |||||
| Colección de folletos | Biblioteca del Ateneo de Madrid | Biblioteca del Ateneo de Madrid | Depósito folletos | 17/01/2008 | T-432-F-4 | 1162286 | 23/02/2023 | 23/02/2023 | Folleto |
